Effect of hill spacing and seedling number on growth and yield of rainng chey rice variety at royal university of agriculture ឥទ្ធិពលនៃចន្លោះគុម្ព និងចំនួនសំណាបស្ទូងលើការលូតលាស់ និង ទិន្នផលនៃពូជស្រូវរាំងជ័យនៅសាកលវិទ្យាល័យភូមិន្ទកសិកម្ម (Record no. 857)
[ view plain ]
| 000 -LEADER | |
|---|---|
| fixed length control field | 00814nam a22001577a 4500 |
| 003 - CONTROL NUMBER IDENTIFIER | |
| control field | OSt |
| 005 - DATE AND TIME OF LATEST TRANSACTION | |
| control field | 20150919162115.0 |
| 008 - FIXED-LENGTH DATA ELEMENTS--GENERAL INFORMATION | |
| fixed length control field | 150919b xxu||||| |||| 00| 0 eng d |
| 040 ## - CATALOGING SOURCE | |
| Transcribing agency | RUA |
| 082 ## - DEWEY DECIMAL CLASSIFICATION NUMBER | |
| Classification number | AGR HEN 2008 B036 Or.1 |
| 100 ## - MAIN ENTRY--PERSONAL NAME | |
| 9 (RLIN) | 889 |
| Personal name | HENG, SOCHEAT. |
| 245 ## - TITLE STATEMENT | |
| Title | Effect of hill spacing and seedling number on growth and yield of rainng chey rice variety at royal university of agriculture ឥទ្ធិពលនៃចន្លោះគុម្ព និងចំនួនសំណាបស្ទូងលើការលូតលាស់ និង ទិន្នផលនៃពូជស្រូវរាំងជ័យនៅសាកលវិទ្យាល័យភូមិន្ទកសិកម្ម |
| 260 ## - PUBLICATION, DISTRIBUTION, ETC. (IMPRINT) | |
| Place of publication, distribution, etc. | Phnom Penh |
| Name of publisher, distributor, etc. | RUA |
| Date of publication, distribution, etc. | 2008 |
| 300 ## - PHYSICAL DESCRIPTION | |
| Extent | xii; 49p. |
| Other physical details | ill. |
| Dimensions | 29cm. |
| 942 ## - ADDED ENTRY ELEMENTS (KOHA) | |
| Source of classification or shelving scheme | |
| Koha item type | AGR |
| Price effective from | Date last seen | Permanent Location | Not for loan | Date acquired | Source of classification or shelving scheme | Koha item type | Lost status | Withdrawn status | Date last checked out | Total Checkouts | Shelving location | Damaged status | Barcode | Current Location | Full call number |
|---|---|---|---|---|---|---|---|---|---|---|---|---|---|---|---|
| 2015-09-19 | 2015-09-19 | Library Block B | 2015-09-19 | AGR | B036 | RUA002273 | Library Block B | AGR HEN 2008 B036 Or.1 | |||||||
| 2015-09-19 | 2019-11-29 | Library Block B | 2015-09-19 | AGR | 2019-11-26 | 2 | B036 | RUA002505 | Library Block B | AGR HEN 2008 B036 Or.2 | |||||
| 2015-09-19 | 2015-09-19 | Library Block B | 2015-09-19 | AGR | B036 | RUA002201 | Library Block B | AGR HEN 2008 B036 Or.3 | |||||||
| 2015-09-19 | 2015-09-19 | Library Block B | 2015-09-19 | AGR | B036 | RUA002129 | Library Block B | AGR HEN 2008 B036 Or.4 | |||||||
| 2015-09-19 | 2015-09-19 | Library Block B | 2015-09-19 | AGR | B036 | RUA002057 | Library Block B | AGR HEN 2008 B036 Or.5 | |||||||
| 2015-09-19 | 2024-01-08 | Library Block B | 2015-09-19 | AGR | 2023-12-26 | 1 | B036 | RUA002504 | Library Block B | AGR HEN 2008 B036 Or.6 | |||||
| 2015-09-19 | 2015-09-19 | Library Block B | 2015-09-19 | AGR | B036 | RUA002338 | Library Block B | AGR HEN 2008 B036 Or.7 | |||||||
| 2015-09-20 | 2015-09-20 | Library Block B | 2015-09-20 | AGR | B038 | RUA000460 | Library Block B | AGR HEN 2008 B036 Or.8 | |||||||
| 2016-05-19 | 2016-05-19 | Library Block B | 2016-05-19 | AGR | Library Block B | AGR HEN 2008 B036 Or.1 |